Jak změřit přístupnost bydlení? Tvorba a pilotní použití metodiky mapování a kategorizace přístupnosti bytu
Pilotné použitie metodiky dostupnosti bývania v existujúcom českom bytovom fonde z pohľadu osôb so zníženou mobilitou v kontexte starnutia populácie. Predložená metodika odráža nové štandardy prístupného bývania zakotvené v českej legislatíve v roku 2024. Vychádza z dvoch existujúcich nástrojov na m...
Enregistré dans:
| Auteur principal: | |
|---|---|
| Autres auteurs: | |
| Format: | Chapitre de livre |
| Langue: | tchèque |
| Sujets: | |
| Tags: |
Pas de tags, Soyez le premier à ajouter un tag!
|
MARC
| LEADER | 00000naa a2200000 4500 | ||
|---|---|---|---|
| 001 | 0310701 | ||
| 005 | 20250609101425.0 | ||
| 041 | 0 | |a cze | |
| 044 | |a CZ | ||
| 245 | 1 | 0 | |a Jak změřit přístupnost bydlení? Tvorba a pilotní použití metodiky mapování a kategorizace přístupnosti bytu |c Kateřina Novotná, Jan Tomandl |
| 520 | |a Pilotné použitie metodiky dostupnosti bývania v existujúcom českom bytovom fonde z pohľadu osôb so zníženou mobilitou v kontexte starnutia populácie. Predložená metodika odráža nové štandardy prístupného bývania zakotvené v českej legislatíve v roku 2024. Vychádza z dvoch existujúcich nástrojov na mapovanie a hodnotenie prístupnosti zastavaného prostredia - švédskeho nástroja Housing Enablera českej metodiky kategorizácie prístupnosti. Na základe východiskových materiálov a odbornej praxe skupina expertov stanovila súbor 230 parametrov, ktoré sa majú sledovať pre identifikáciu stavebno-technických bariér a hodnotenie prístupnosti obydlia. | ||
| 610 | 2 | 0 | |a bývanie |
| 610 | 2 | 0 | |a byty |
| 610 | 2 | 0 | |a osoby zdravotne postihnuté |
| 610 | 2 | 0 | |a politika sociálna |
| 610 | 2 | 0 | |a bariéry legislatívne |
| 610 | 2 | 0 | |a projekty stavebné |
| 610 | 2 | 0 | |a Česko |
| 100 | 1 | |a Novotná, Kateřina | |
| 700 | 1 | |a Tomandl, Jan | |